000 00717nam a22002171 4500
001 142363
003 ES-MaACL
005 20230906200513.0
007 t|
008 071004s1948 mx ||||0| spa d
016 7 _zIND2000946967
040 _aM-BN
_bspa
_cCDM
080 _a616.15(021)
100 1 _aWintrobe, Maxwell M.
_9117124
245 1 0 _aHematología clínica /
_cMaxwell M. Wintrobe ; traducción de la segunda edición original por Alberto Folch y Pi.
250 _a1ª ed. española.
260 _aMéxico :
_bEditorial Interamericana,
_c1948.
300 _aXXX p., 1 h., 807 p., XIV h. de lám :
_bil ;
_c25 cm.
700 1 _aFolch i Pi, Alberto.
_951452
852 _aES-MaACL
_jC-9048
_bR.37019
999 _c142363
_d142363